[Event "Politiken Cup 2011"]
[Site "Helsingor"]
[Date "2011.08.01"]
[Round "4.77"]
[White "Brastein, Lars"]
[Black "Svanholm, Borge Waaktaar"]
[Result "1/2-1/2"]
[WhiteElo "2115"]
[BlackElo "1926"]
[PlyCount "103"]
[EventDate "2011.??.??"]
[WhiteTeam "Sandness"]
[BlackTeam "SK Stjernen"]

1. d4 Nf6 2. Nf3 g6 3. c4 Bg7 4. Nc3 O-O 5. e4 d6 6. Be2 e5 7. d5 a5 8. O-O Na6
9. Ne1 Nc5 10. f3 Nh5 11. g3 Qe7 12. Nd3 Nxd3 13. Bxd3 Bh3 14. Re1 f5 15. exf5
Bxf5 16. Ne4 Bxe4 17. Bxe4 b6 18. Be3 Rf7 19. Kg2 Qf8 20. Qd2 Nf6 21. b3 Kh8
22. a3 Ng8 23. g4 Bh6 24. g5 Bg7 25. h4 Ne7 26. h5 Qc8 27. Rh1 Kg8 28. hxg6
hxg6 29. Rh3 Rf8 30. Rah1 Kf7 31. Rh7 Rh8 32. Qd3 Rxh7 33. Rxh7 Nf5 34. Kf2 Qd7
35. Qf1 Rh8 36. Rxh8 Bxh8 37. Qh3 Bg7 38. b4 axb4 39. axb4 Kg8 40. Qg4 Bf8 41.
f4 Bg7 42. fxe5 Bxe5 43. Bxf5 Qxf5+ 44. Qxf5 gxf5 45. Kf3 Kf7 46. c5 bxc5 47.
bxc5 dxc5 48. Bxc5 Kg6 49. Be3 Kh5 50. Bd2 Bd6 51. Be3 Be7 52. Bf4 1/2-1/2

[Event "Politiken Cup 2011"]
[Site "Helsingor"]
[Date "2011.08.01"]
[Round "4.78"]
[White "Astrom, Lars"]
[Black "Christiansen, Jens Jorgen"]
[Result "0-1"]
[WhiteElo "1871"]
[BlackElo "2115"]
[PlyCount "86"]
[EventDate "2011.??.??"]
[WhiteTeam "Limhamn"]
[BlackTeam "Nørresundby"]

1. e4 d5 2. exd5 Qxd5 3. d4 Nf6 4. Nf3 c6 5. Be2 Bg4 6. O-O e6 7. h3 Bh5 8. c4
Qd6 9. Nc3 Nbd7 10. Be3 Be7 11. Qc2 O-O 12. Bf4 Qb4 13. a3 Qb6 14. b4 a5 15. c5
Qd8 16. Rfb1 Bg6 17. Bd3 axb4 18. axb4 b5 19. Bxg6 hxg6 20. Qb2 Nd5 21. Nxd5
exd5 22. Rxa8 Qxa8 23. Ra1 Qb7 24. Qa2 Bf6 25. Qa7 Qc8 26. Ra6 Re8 27. Bd6 g5
28. Rb6 Nxb6 29. cxb6 Qe6 30. Bg3 Be7 31. b7 Bd6 32. Nxg5 Qe1+ 33. Kh2 Qe7 34.
Qa8 Rb8 35. Qa7 Bxg3+ 36. fxg3 Qxb7 37. Qc5 Re8 38. h4 f6 39. Nh3 Qd7 40. Nf4
g5 41. Nh3 gxh4 42. gxh4 Qc7+ 43. Kg1 Qg3 0-1

[Event "Politiken Cup 2011"]
[Site "Helsingor"]
[Date "2011.08.01"]
[Round "4.97"]
[White "Ramme, Christoph"]
[Black "Rasmussen, Henning"]
[Result "1/2-1/2"]
[WhiteElo "2108"]
[BlackElo "1829"]
[PlyCount "42"]
[EventDate "2011.??.??"]
[WhiteTeam "SK Marmstorf"]
[BlackTeam "Nykøbing Sjælland"]

1. b4 e6 2. Bb2 Nf6 3. b5 Be7 4. e3 O-O 5. Be2 d5 6. f4 a6 7. a4 axb5 8. axb5
Rxa1 9. Bxa1 c6 10. Nf3 Bd7 11. bxc6 bxc6 12. O-O c5 13. c4 Nc6 14. Ne5 Ne4 15.
d3 Nd6 16. Bf3 Nxe5 17. fxe5 Nf5 18. Re1 Bc6 19. e4 dxe4 20. Bxe4 Bxe4 21. Rxe4
Qb6 1/2-1/2

[Event "Politiken Cup 2011"]
[Site "Helsingor"]
[Date "2011.08.01"]
[Round "4.79"]
[White "Hvenekilde, Jorgen"]
[Black "Thybo, Jesper Sondergaard"]
[Result "1/2-1/2"]
[WhiteElo "2089"]
[BlackElo "1921"]
[PlyCount "54"]
[EventDate "2011.??.??"]
[WhiteTeam "AS04"]
[BlackTeam "Skive"]

1. d4 Nf6 2. c4 e6 3. Nf3 c5 4. Nc3 cxd4 5. Nxd4 Bb4 6. Bd2 Nc6 7. Nc2 Bxc3 8.
Bxc3 Ne4 9. Qd3 f5 10. Bxg7 Qa5+ 11. Bc3 Nxc3 12. Qxc3 Qxc3+ 13. bxc3 Ne5 14.
e3 b6 15. Na3 Rg8 16. f3 Ba6 17. Nb5 Bxb5 18. cxb5 Rc8 19. Kd2 Nc4+ 20. Bxc4
Rxc4 21. g3 h5 22. a4 h4 23. Kd3 Rc5 24. Rhg1 Rd5+ 25. Ke2 Rc5 26. Kd3 Rd5+ 27.
Ke2 Rc5 1/2-1/2

[Event "Politiken Cup 2011"]
[Site "Helsingor"]
[Date "2011.08.01"]
[Round "4.80"]
[White "Jonsson, Lennart"]
[Black "Fjellengen, Bard"]
[Result "1/2-1/2"]
[WhiteElo "2086"]
[BlackElo "1905"]
[PlyCount "51"]
[EventDate "2011.??.??"]
[WhiteTeam "Malmö Allmanna Schackklubb"]
[BlackTeam "Sarpsborg Sjakklubb"]

1. d4 d5 2. Nf3 Nf6 3. e3 g6 4. Bd3 Bg7 5. O-O O-O 6. b3 b6 7. Bb2 Bb7 8. Nbd2
Nc6 9. Ne5 Nxe5 10. dxe5 Nd7 11. f4 e6 12. c3 f6 13. exf6 Nxf6 14. Nf3 c5 15.
Qe2 a5 16. a4 Nd7 17. c4 Bxb2 18. Qxb2 Qf6 19. Qe2 e5 20. cxd5 exf4 21. e4 Ne5
22. Nxe5 Qxe5 23. Rad1 Rae8 24. Qf3 Kg7 25. Kh1 Rd8 26. Bc4 1/2-1/2

[Event "Politiken Cup 2011"]
[Site "Helsingor"]
[Date "2011.08.01"]
[Round "4.81"]
[White "Henningsen, Lasse"]
[Black "Nielsen, Borge Hjerrild"]
[Result "1-0"]
[WhiteElo "1670"]
[BlackElo "2083"]
[PlyCount "85"]
[EventDate "2011.??.??"]
[WhiteTeam "Helsingør"]
[BlackTeam "Hvidovre"]

1. d4 d5 2. c4 e6 3. Nf3 Nf6 4. Nc3 Be7 5. Bg5 O-O 6. e3 Nbd7 7. Rc1 c6 8. Bd3
dxc4 9. Bxc4 Nd5 10. Bxe7 Qxe7 11. O-O Nxc3 12. bxc3 e5 13. Re1 e4 14. Nd2 Kh8
15. Bb3 f5 16. c4 Nf6 17. c5 Be6 18. Bxe6 Qxe6 19. Rb1 Rfb8 20. Qb3 Nd5 21. Nc4
b5 22. cxb6 axb6 23. Rec1 g6 24. a4 Kg7 25. Ra1 h5 26. Ne5 c5 27. Qb2 Re8 28.
Nc4 Qf6 29. dxc5 bxc5 30. Qxf6+ Nxf6 31. Nb6 Ra5 32. Nc4 Ra7 33. a5 Nd7 34. Rd1
Ne5 35. Nxe5 Rxe5 36. Rd6 c4 37. a6 Rc5 38. Kf1 Rb5 39. Rc6 Rb4 40. h4 Rb2 41.
Rxc4 Rd7 42. a7 Rdd2 43. a8=Q 1-0

[Event "Politiken Cup 2011"]
[Site "Helsingor"]
[Date "2011.08.01"]
[Round "4.82"]
[White "Okland, Sveinung"]
[Black "Andersen, Rune Egede"]
[Result "0-1"]
[WhiteElo "1836"]
[BlackElo "2078"]
[PlyCount "52"]
[EventDate "2011.??.??"]
[WhiteTeam "Sandness"]
[BlackTeam "Brønshøj"]

1. d4 d5 2. Bf4 Nf6 3. e3 c5 4. c3 Nc6 5. Nd2 Bf5 6. Ngf3 h6 7. h3 e6 8. Bb5 a6
9. Bxc6+ bxc6 10. Qa4 Qb6 11. Qb3 Qb5 12. a4 Qxb3 13. Nxb3 c4 14. Na5 c5 15.
dxc5 Bxc5 16. Nb7 Ne4 17. Nd2 Be7 18. Nxe4 Bxe4 19. f3 Bg6 20. Na5 f6 21. Nc6
Bc5 22. e4 dxe4 23. O-O-O Rc8 24. Na5 e5 25. Bxe5 Be3+ 26. Kb1 exf3+ 0-1

[Event "Politiken Cup 2011"]
[Site "Helsingor"]
[Date "2011.08.01"]
[Round "4.98"]
[White "Jensen, Morten Frank"]
[Black "Schmidt, Horst Hubert"]
[Result "0-1"]
[WhiteElo "2064"]
[BlackElo "1816"]
[PlyCount "72"]
[EventDate "2011.??.??"]
[WhiteTeam "Præstø"]
[BlackTeam "Brønshøj"]

1. e4 d6 2. d4 g6 3. Nc3 Bg7 4. Be3 Nf6 5. Qd2 Ng4 6. Bg5 h6 7. Bf4 e5 8. dxe5
Nxe5 9. O-O-O Nbc6 10. Bb5 Bd7 11. h3 a6 12. Be2 b5 13. Be3 Rb8 14. f4 Nc4 15.
Bxc4 bxc4 16. Nf3 Nb4 17. Bd4 f6 18. e5 fxe5 19. fxe5 c5 20. e6 cxd4 21. exd7+
Kxd7 22. Nxd4 Qb6 23. Na4 Qa5 24. Qf4 Nxa2+ 25. Kb1 Rxb2+ 26. Kxb2 Rb8+ 27. Ka1
Qxa4 28. Qf7+ Kc8 29. Qg8+ Kb7 30. Qxg7+ Ka8 31. Nb3 Nb4+ 32. Kb2 Qa2+ 33. Kc3
Qxc2+ 34. Kd4 Qb2+ 35. Kxc4 Qxg7 36. Rxd6 Qc7+ 0-1

[Event "Politiken Cup 2011"]
[Site "Helsingor"]
[Date "2011.08.01"]
[Round "4.83"]
[White "Brorsen, Jacob Abildlund"]
[Black "Nielsen, Preben"]
[Result "1-0"]
[WhiteElo "2061"]
[BlackElo "1904"]
[PlyCount "59"]
[EventDate "2011.??.??"]
[WhiteTeam "BMS"]
[BlackTeam "Helsingør"]

1. d4 d5 2. c4 c6 3. Nc3 Nf6 4. Bg5 h6 5. Bh4 g5 6. Bg3 Bg7 7. e3 e6 8. h4 Ne4
9. Nxe4 dxe4 10. Qa4 Nd7 11. Ne2 Qe7 12. Nc3 f5 13. Be2 g4 14. O-O-O h5 15. Kb1
Rh6 16. f3 exf3 17. gxf3 gxf3 18. Bxf3 e5 19. Qc2 e4 20. Be2 Nf6 21. Bf4 Rh7
22. d5 Ng4 23. Bg5 Bf6 24. Bxf6 Qxf6 25. Bxg4 hxg4 26. Qh2 Rh6 27. c5 Qe7 28.
Qf4 Rh7 29. dxc6 Qxc5 30. Qg5 1-0

[Event "Politiken Cup 2011"]
[Site "Helsingor"]
[Date "2011.08.01"]
[Round "4.90"]
[White "Nilsson, Patrik 1978"]
[Black "Svendsen, Peter"]
[Result "1-0"]
[WhiteElo "2057"]
[BlackElo "1987"]
[PlyCount "65"]
[EventDate "2011.??.??"]
[BlackTeam "Hillerød"]

1. e4 e5 2. Nf3 Nf6 3. Nxe5 d6 4. Nf3 Nxe4 5. Nc3 Nxc3 6. dxc3 Be7 7. Bf4 O-O
8. Qd2 Nd7 9. O-O-O Nc5 10. Be3 Bf5 11. Bc4 Be6 12. Bxe6 Nxe6 13. h4 Qe8 14.
Qd3 Qa4 15. Ng5 g6 16. Kb1 Nf4 17. Qf1 Bf6 18. Bd4 Be5 19. g3 Nh5 20. Ne4 Qc6
21. g4 Qxe4 22. gxh5 Rae8 23. Qh3 Bxd4 24. cxd4 Re7 25. Rhg1 Rfe8 26. hxg6 fxg6
27. h5 Kh8 28. hxg6 Rg7 29. Qc3 d5 30. Rde1 Rxg6 31. f3 Qe3 32. Rgf1 Qxc3 33.
Rxe8+ 1-0

[Event "Politiken Cup 2011"]
[Site "Helsingor"]
[Date "2011.08.01"]
[Round "4.84"]
[White "Hald, Morten Hansen"]
[Black "Petersen, Nils"]
[Result "0-1"]
[WhiteElo "1829"]
[BlackElo "2051"]
[PlyCount "70"]
[EventDate "2011.??.??"]
[WhiteTeam "Køge"]
[BlackTeam "Øbro"]

1. d4 Nf6 2. Nf3 e6 3. Bf4 c5 4. Nc3 cxd4 5. Qxd4 Nc6 6. Qd2 Bb4 7. Qd3 d5 8.
Nd4 O-O 9. O-O-O Nxd4 10. Qxd4 Qa5 11. Be5 Bc5 12. Qh4 Be7 13. Qa4 Qxa4 14.
Nxa4 Ne4 15. Bd4 Bg5+ 16. Kb1 Nd2+ 17. Ka1 Nxf1 18. Rhxf1 b6 19. f4 Be7 20. Rf3
Ba6 21. Rg3 f6 22. Nc3 Rfd8 23. Rh3 Bd6 24. g3 e5 25. fxe5 fxe5 26. Bf2 d4 27.
Ne4 Bxe2 28. Rd2 Bg4 29. Rh4 Bf5 30. Nxd6 Rxd6 31. c3 Rc6 32. g4 Bg6 33. Rh3
Rac8 34. Bh4 dxc3 35. Rd8+ Rxd8 0-1

[Event "Politiken Cup 2011"]
[Site "Helsingor"]
[Date "2011.08.01"]
[Round "4.99"]
[White "Andersen, Claus Nis"]
[Black "Christensen, Klaus"]
[Result "0-1"]
[WhiteElo "1811"]
[BlackElo "2044"]
[PlyCount "36"]
[EventDate "2011.??.??"]
[WhiteTeam "Rokaden"]
[BlackTeam "Århus/skolerne"]

1. d4 d5 2. c4 c6 3. cxd5 cxd5 4. Nc3 Nf6 5. Nf3 Nc6 6. Bf4 e6 7. e3 Bd6 8. Ne5
O-O 9. Nxc6 bxc6 10. Bxd6 Qxd6 11. Bd3 e5 12. dxe5 Qxe5 13. h3 d4 14. Ne2 dxe3
15. O-O exf2+ 16. Rxf2 Be6 17. Nc3 Rfd8 18. Qc2 Bxh3 0-1

[Event "Politiken Cup 2011"]
[Site "Helsingor"]
[Date "2011.08.01"]
[Round "4.85"]
[White "Hyldkrog, Lars"]
[Black "Hinrichs, Lars"]
[Result "1/2-1/2"]
[WhiteElo "2038"]
[BlackElo "1894"]
[PlyCount "51"]
[EventDate "2011.??.??"]
[WhiteTeam "LVS"]
[BlackTeam "Hamburger Schachklub"]

1. e4 c5 2. Nf3 Nf6 3. e5 Nd5 4. c3 Nc6 5. d4 cxd4 6. cxd4 d6 7. Be2 g6 8. O-O
Bg7 9. exd6 Qxd6 10. Nc3 O-O 11. Be3 Bf5 12. Qd2 Rfd8 13. Bh6 Bh8 14. Rac1 Rac8
15. Rfd1 e6 16. h3 Nce7 17. g4 Nxc3 18. bxc3 Be4 19. Bg5 Rd7 20. Bh4 Qc6 21.
Qf4 Bxf3 22. Bxf3 Nd5 23. Qd2 Qa4 24. Bg3 Nb6 25. Qb2 Bf6 26. h4 1/2-1/2

[Event "Politiken Cup 2011"]
[Site "Helsingor"]
[Date "2011.08.01"]
[Round "4.86"]
[White "Nielsen, Leo"]
[Black "Jorgensen, Carina Eilegaard"]
[Result "0-1"]
[WhiteElo "1775"]
[BlackElo "2030"]
[PlyCount "88"]
[EventDate "2011.??.??"]
[WhiteTeam "Helsingør"]
[BlackTeam "Taastrup"]

1. e4 c6 2. Nf3 d5 3. exd5 cxd5 4. d4 Bg4 5. Bb5+ Nc6 6. Qd3 Bd7 7. Nc3 e6 8.
Bxc6 bxc6 9. O-O Bd6 10. Ne5 f6 11. Nxd7 Qxd7 12. Re1 Ne7 13. Qh3 e5 14. Qxd7+
Kxd7 15. Ne2 h6 16. b3 g5 17. Bb2 e4 18. c4 f5 19. Ng3 f4 20. Nh5 Rhf8 21. c5
Bc7 22. Bc3 g4 23. g3 fxg3 24. Nxg3 Rf3 25. Re3 Raf8 26. Rf1 R8f7 27. Bd2 Rh7
28. Rxf3 gxf3 29. Nh5 Ke6 30. Kh1 Nf5 31. Rg1 Kf7 32. Be3 Rh8 33. Rg3 Rg8 34.
Rxg8 Kxg8 35. Nf6+ Kf7 36. Ng4 Kg6 37. b4 h5 38. Ne5+ Bxe5 39. dxe5 Nxe3 40.
fxe3 a6 41. a4 Kf7 42. b5 cxb5 43. c6 Ke7 44. c7 Kd7 0-1

[Event "Politiken Cup 2011"]
[Site "Helsingor"]
[Date "2011.08.01"]
[Round "4.87"]
[White "Hansen, Anders"]
[Black "Skovgaard, Tom"]
[Result "0-1"]
[WhiteElo "1721"]
[BlackElo "2013"]
[PlyCount "54"]
[EventDate "2011.??.??"]
[WhiteTeam "Harplinge"]
[BlackTeam "BMS"]

1. Nf3 Nf6 2. b3 g6 3. Bb2 Bg7 4. g3 c5 5. Bg2 Nc6 6. O-O O-O 7. d3 d6 8. Re1
Bg4 9. Nbd2 Qc8 10. Qc1 e5 11. Nc4 Qd7 12. a3 b5 13. Ncxe5 dxe5 14. Nxe5 Nxe5
15. Bxe5 Qf5 16. f4 Bh3 17. Qe3 Rac8 18. Qf3 Qd7 19. e4 Ng4 20. Bxg7 Kxg7 21.
c3 b4 22. axb4 cxb4 23. Ra4 Rxc3 24. Rxb4 Rxd3 25. Qe2 Rd2 26. Qf3 Rxg2+ 27.
Qxg2 Bxg2 0-1

[Event "Politiken Cup 2011"]
[Site "Helsingor"]
[Date "2011.08.01"]
[Round "4.100"]
[White "Celander, Adam"]
[Black "Larsen, Eigil"]
[Result "1-0"]
[WhiteElo "2006"]
[BlackElo "1811"]
[PlyCount "57"]
[EventDate "2011.??.??"]
[BlackTeam "Nordkalotten"]

1. e4 e5 2. Nf3 Nc6 3. Bb5 a6 4. Ba4 Nf6 5. d3 Bc5 6. O-O d6 7. c3 Bg4 8. Bg5
h6 9. Bh4 g5 10. Bg3 h5 11. Bxc6+ bxc6 12. d4 Bxf3 13. Qxf3 exd4 14. e5 Nd5 15.
Re1 Kf8 16. h3 Kg7 17. Nd2 dxc3 18. bxc3 dxe5 19. Bxe5+ f6 20. Ne4 Bxf2+ 21.
Nxf2 fxe5 22. Rxe5 Qf6 23. Qg3 Rae8 24. Rxg5+ Kh6 25. Ng4+ Kxg5 26. Nxf6+ Kxf6
27. Rf1+ Ke7 28. c4 Nb6 29. Qxc7+ 1-0

[Event "Politiken Cup 2011"]
[Site "Helsingor"]
[Date "2011.08.01"]
[Round "4.101"]
[White "Hedlerfog, Robert"]
[Black "Nielsen, Peter"]
[Result "1/2-1/2"]
[WhiteElo "2006"]
[BlackElo "1802"]
[PlyCount "105"]
[EventDate "2011.??.??"]
[WhiteTeam "HG Schack"]
[BlackTeam "Enkeltmedlem"]

1. d4 Nf6 2. c4 e6 3. a3 c5 4. e3 cxd4 5. exd4 d5 6. c5 Be7 7. b4 a5 8. b5 e5
9. Bb2 e4 10. h3 O-O 11. Bc1 Bf5 12. g4 Bg6 13. Bf4 Ne8 14. Qd2 f5 15. g5 Nd7
16. Nc3 Bf7 17. b6 Nxc5 18. dxc5 Bxc5 19. Na4 Bxb6 20. Rb1 Bc7 21. Rxb7 Bxf4
22. Qxf4 Nd6 23. Rb6 Nc4 24. Bxc4 dxc4 25. Rd6 Qb8 26. Ne2 Qb3 27. Nec3 Be8 28.
Rb6 Qc2 29. Rb2 Qd3 30. Rd2 Qf3 31. Qxf3 exf3 32. O-O Bf7 33. Kh2 Rad8 34. Rfd1
Rxd2 35. Rxd2 Re8 36. Kg3 Bh5 37. Rd4 Re1 38. Rh4 g6 39. Rxc4 Rg1+ 40. Kf4 Rf1
41. Ke3 Re1+ 42. Kf4 Rf1 43. Ke5 Rxf2 44. Kf6 h6 45. Rc8+ Kh7 46. Rc7+ Kg8 47.
gxh6 Rg2 48. h7+ Kh8 49. Nb5 f2 50. Nd6 g5 51. Nxf5 f1=Q 52. Rc8+ Kxh7 53. Rc7+
1/2-1/2

[Event "Politiken Cup 2011"]
[Site "Helsingor"]
[Date "2011.08.01"]
[Round "4.102"]
[White "Skjoldager, Mikael"]
[Black "Henningsson, Hjalte Skov"]
[Result "1-0"]
[WhiteElo "1998"]
[BlackElo "1794"]
[PlyCount "35"]
[EventDate "2011.??.??"]
[WhiteTeam "Evans"]
[BlackTeam "Øbro"]

1. d4 Nf6 2. c4 e6 3. g3 Bb4+ 4. Bd2 Bxd2+ 5. Nxd2 d5 6. Ngf3 O-O 7. Bg2 Nbd7
8. O-O c5 9. Qc2 Qc7 10. cxd5 Nxd5 11. Rac1 b6 12. Ng5 g6 13. Nge4 Bb7 14. dxc5
bxc5 15. a3 Rac8 16. Nc4 N5f6 17. Nxf6+ Nxf6 18. Bxb7 1-0

[Event "Politiken Cup 2011"]
[Site "Helsingor"]
[Date "2011.08.01"]
[Round "4.88"]
[White "Andersen, Troels Baekgaard"]
[Black "Sorensen, Dick"]
[Result "1/2-1/2"]
[WhiteElo "1620"]
[BlackElo "1993"]
[PlyCount "25"]
[EventDate "2011.??.??"]
[WhiteTeam "Skovbo"]
[BlackTeam "Taastrup"]

1. Nf3 Nf6 2. d4 g6 3. g3 Bg7 4. Bg2 O-O 5. O-O d6 6. c4 c6 7. Nc3 Qc7 8. e4 e5
9. d5 c5 10. Nh4 a6 11. a4 Nbd7 12. f4 b6 13. f5 1/2-1/2

[Event "Politiken Cup 2011"]
[Site "Helsingor"]
[Date "2011.08.01"]
[Round "4.89"]
[White "Preuss, Flemming"]
[Black "Nielsen, Steen G"]
[Result "1-0"]
[WhiteElo "1991"]
[BlackElo "1870"]
[PlyCount "49"]
[EventDate "2011.??.??"]
[WhiteTeam "Næstved"]
[BlackTeam "Odysseus"]

1. f4 g6 2. Nf3 d5 3. d3 Bg7 4. g3 Nf6 5. Bg2 O-O 6. O-O b6 7. Qe1 Bb7 8. h3
Nbd7 9. g4 e6 10. Nbd2 Qe7 11. c3 Rad8 12. Qg3 h5 13. Ne5 hxg4 14. hxg4 Nxe5
15. fxe5 Nd7 16. Nf3 c5 17. Bf4 f6 18. exf6 Nxf6 19. Ne5 Qe8 20. Bg5 Nd7 21.
Rxf8+ Kxf8 22. Rf1+ Kg8 23. Nxg6 Qxg6 24. Bxd8 Be5 25. Qh4 1-0

[Event "Politiken Cup 2011"]
[Site "Helsingor"]
[Date "2011.08.01"]
[Round "4.31"]
[White "Jensen, Ib"]
[Black "Rodvik, Trym Daniel"]
[Result "1-0"]
[WhiteElo "1985"]
[BlackElo "1843"]
[PlyCount "95"]
[EventDate "2011.??.??"]
[WhiteTeam "Helsingør"]
[BlackTeam "Hamar Sjakkselskap"]

1. d4 Nf6 2. Nf3 g6 3. Nc3 d5 4. Bf4 Bg7 5. e3 O-O 6. Be2 Nh5 7. Bg5 b6 8. Nd2
Nf6 9. h4 Ba6 10. Bf3 e6 11. h5 c5 12. hxg6 fxg6 13. Ne2 Nc6 14. c3 Qd7 15. Qa4
Nxd4 16. Qxa6 Nc2+ 17. Kd1 Nxa1 18. Kc1 e5 19. Bxf6 Bxf6 20. Rd1 Rad8 21. Kb1
Qf5+ 22. Kxa1 e4 23. Ng3 Qe6 24. Be2 Be5 25. Ngxe4 dxe4 26. Bc4 Rd5 27. Qa4 Kh8
28. Qb3 Rfd8 29. Nb1 Rxd1 30. Bxe6 Rg1 31. Bg4 Rxg2 32. Qe6 Bg7 33. Qxe4 Rxf2
34. a4 Rf1 35. Ka2 h5 36. Be6 Rf6 37. Bb3 g5 38. Bc2 Rh6 39. Qe7 Bf6 40. Qf7
Bg7 41. Nd2 Rf8 42. Qe7 g4 43. Ne4 h4 44. Ng5 Rhf6 45. Ne6 Rxe6 46. Qxe6 g3 47.
Qg6 Kg8 48. Bb3+ 1-0

[Event "Politiken Cup 2011"]
[Site "Helsingor"]
[Date "2011.08.01"]
[Round "4.103"]
[White "Bauder, Herbert"]
[Black "Gupta, Sudhir Kumar"]
[Result "1-0"]
[WhiteElo "1971"]
[BlackElo "1791"]
[PlyCount "45"]
[EventDate "2011.??.??"]
[WhiteTeam "SG Lasker-Stieglitz Berlin"]
[BlackTeam "Stavanger"]

1. d4 Nf6 2. Nf3 d5 3. c4 e6 4. Nc3 Bb4 5. Bg5 O-O 6. e3 h6 7. Bh4 c6 8. Qc2
Nbd7 9. a3 Qa5 10. Rc1 Bxc3+ 11. Qxc3 Qxc3+ 12. Rxc3 Ne4 13. Rc2 f5 14. Bg3 a6
15. Bd3 Nxg3 16. hxg3 b5 17. cxb5 cxb5 18. Ke2 Nb6 19. b3 Bb7 20. Rc7 Rab8 21.
Ne5 Rfc8 22. Rhc1 Na8 23. Rxb7 1-0

[Event "Politiken Cup 2011"]
[Site "Helsingor"]
[Date "2011.08.01"]
[Round "4.104"]
[White "Ambrosanio, Raffaele"]
[Black "Rasmussen, Ole"]
[Result "1-0"]
[WhiteElo "1967"]
[BlackElo "1769"]
[PlyCount "75"]
[EventDate "2011.??.??"]
[WhiteTeam "A.S Mebs Sana Siena"]
[BlackTeam "Hillerød"]

1. c4 Nf6 2. Nc3 e5 3. g3 Nc6 4. Bg2 Bc5 5. Nf3 O-O 6. O-O d5 7. cxd5 Nxd5 8.
a3 a6 9. b4 Nxc3 10. dxc3 Be7 11. Qc2 Be6 12. Rd1 Qc8 13. c4 Bf6 14. e4 Ne7 15.
Bb2 Ng6 16. Ne1 Bh3 17. Bf3 c6 18. Qe2 Qc7 19. Nc2 Rad8 20. Ne3 Bc8 21. c5
Rxd1+ 22. Rxd1 Rd8 23. Bh5 Rxd1+ 24. Qxd1 Qd7 25. Qxd7 Bxd7 26. Bg4 Nf8 27.
Bxd7 Nxd7 28. Nc4 Bd8 29. Bxe5 Nxe5 30. Nxe5 a5 31. Nc4 axb4 32. axb4 Kf8 33.
Kf1 Ke7 34. Ke2 f6 35. Nd6 b5 36. Nf5+ Ke6 37. Nxg7+ Ke5 38. Kd3 1-0

[Event "Politiken Cup 2011"]
[Site "Helsingor"]
[Date "2011.08.01"]
[Round "4.105"]
[White "Andersen, Guttorm"]
[Black "Brobakken, Geir"]
[Result "0-1"]
[WhiteElo "1768"]
[BlackElo "1966"]
[PlyCount "98"]
[EventDate "2011.??.??"]
[WhiteTeam "SK Stjernen"]
[BlackTeam "Hamar"]

1. d4 Nf6 2. c4 e5 3. dxe5 Ng4 4. Bf4 Nc6 5. Nf3 Bb4+ 6. Nbd2 Qe7 7. e3 Ngxe5
8. Nxe5 Nxe5 9. Be2 d6 10. O-O Bxd2 11. Qxd2 O-O 12. Rfc1 Ng6 13. Bg3 Rd8 14.
Rd1 Be6 15. Bf3 Rab8 16. Qb4 b6 17. Bc6 a5 18. Qc3 Qg5 19. f4 Qc5 20. Bd5 Re8
21. Bf2 Bxd5 22. Rxd5 Qc6 23. Rg5 f6 24. Rg3 Re4 25. b3 b5 26. Rc1 bxc4 27.
bxc4 Rb4 28. Qa1 Rexc4 29. Rf1 Rc2 30. h4 Rbb2 31. h5 Ne7 32. Qd1 f5 33. Qd4 g6
34. h6 Qc3 35. Qa7 Qb4 36. Qa8+ Qb8 37. Qxa5 Rxa2 38. Qe1 Qb2 39. e4 Re2 40.
Qd1 Rxf2 41. Rxf2 Qxf2+ 42. Kh2 Qb2 43. exf5 Nxf5 44. Qd5+ Kf8 45. Rb3 Qe2 46.
Rb8+ Ke7 47. Qc6 Qh5+ 48. Kg1 Ra1+ 49. Kf2 Qh4+ 0-1

[Event "Politiken Cup 2011"]
[Site "Helsingor"]
[Date "2011.08.01"]
[Round "4.106"]
[White "Stolberg-Rohr, Thomine"]
[Black "Nordstrom, Håkon Namtved"]
[Result "1-0"]
[WhiteElo "1964"]
[BlackElo "1768"]
[PlyCount "57"]
[EventDate "2011.??.??"]
[WhiteTeam "Evans"]
[BlackTeam "Fanø Sjakklubb"]

1. g3 d5 2. Bg2 e6 3. f4 c5 4. Nf3 Nc6 5. O-O Qb6 6. d3 Nf6 7. c3 Bd6 8. Kh1
Bd7 9. e4 Bc7 10. e5 Ng8 11. Na3 f6 12. Qe2 fxe5 13. Nxe5 Bxe5 14. fxe5 Nge7
15. Be3 Nf5 16. Bg1 O-O-O 17. b4 Qa6 18. Nc2 h5 19. Bxc5 g5 20. a4 b5 21. axb5
Qxb5 22. c4 dxc4 23. dxc4 Qb8 24. Rxf5 exf5 25. e6 Be8 26. e7 Rd6 27. b5 Ne5
28. Bxa7 Qc7 29. b6 1-0

[Event "Politiken Cup 2011"]
[Site "Helsingor"]
[Date "2011.08.01"]
[Round "4.107"]
[White "Johansen, Stian"]
[Black "Merkesvik, Sondre"]
[Result "1-0"]
[WhiteElo "1961"]
[BlackElo "1762"]
[PlyCount "37"]
[EventDate "2011.??.??"]
[WhiteTeam "Moss"]
[BlackTeam "Bergens"]

1. d4 Nf6 2. c4 d6 3. Nc3 Nbd7 4. e4 e5 5. d5 Be7 6. Bd3 O-O 7. Nge2 Nc5 8. Bc2
Nfd7 9. b4 Na6 10. Rb1 Nb6 11. Bd3 Bg5 12. Ba3 Nd7 13. Ng3 Re8 14. h4 Bxh4 15.
Qh5 g5 16. Nf5 Nf6 17. Nh6+ Kg7 18. Qxf7+ Kxh6 19. Rxh4+ 1-0

[Event "Politiken Cup 2011"]
[Site "Helsingor"]
[Date "2011.08.01"]
[Round "4.108"]
[White "Hjornevik, Knut J"]
[Black "Satre, Mathias"]
[Result "1-0"]
[WhiteElo "1959"]
[BlackElo "1756"]
[PlyCount "57"]
[EventDate "2011.??.??"]
[WhiteTeam "Sandness"]
[BlackTeam "Bergen"]

1. d4 Nf6 2. Nc3 g6 3. e4 Bg7 4. f3 d6 5. Be3 O-O 6. Qd2 e5 7. dxe5 dxe5 8.
O-O-O Qxd2+ 9. Rxd2 c6 10. Bc4 b5 11. Bb3 a5 12. a4 b4 13. Nd1 Nbd7 14. Bc4 Rb8
15. b3 Nb6 16. Nb2 Nh5 17. Rd6 Be6 18. Bxe6 fxe6 19. Rxc6 Nd7 20. g3 Rbc8 21.
Rxc8 Rxc8 22. Nc4 Ra8 23. Nh3 Nb8 24. Ng5 Nc6 25. Nxe6 Kf7 26. Nxg7 Nxg7 27.
Rd1 Ne6 28. Rd6 Rc8 29. Rxc6 1-0

[Event "Politiken Cup 2011"]
[Site "Helsingor"]
[Date "2011.08.01"]
[Round "4.109"]
[White "Jacobsen, Fredrik Beer"]
[Black "Madison, Sigurd"]
[Result "0-1"]
[WhiteElo "1956"]
[BlackElo "1749"]
[PlyCount "84"]
[EventDate "2011.??.??"]
[WhiteTeam "Stavanger"]
[BlackTeam "LASK"]

1. d4 d5 2. c4 e6 3. Nc3 Nf6 4. cxd5 exd5 5. Bg5 Be7 6. e3 c6 7. Bd3 Ne4 8.
Bxe7 Qxe7 9. Nxe4 dxe4 10. Bb1 O-O 11. Qc2 f5 12. Ne2 Nd7 13. Nf4 Nf6 14. a3
Kh8 15. Ba2 g5 16. Ne2 Nd5 17. Bxd5 cxd5 18. h4 f4 19. hxg5 fxe3 20. fxe3 Qxg5
21. Qc7 Bf5 22. Qe5+ Qg7 23. Qxd5 Qxg2 24. Kd2 Qg7 25. Rag1 Bg6 26. Nf4 Rxf4
27. exf4 e3+ 28. Ke1 Rc8 29. Qe5 Qxe5 30. fxe5 Bd3 31. Kd1 Rc2 32. Re1 e2+ 33.
Rxe2 Rxe2 34. Rh3 Bf5 35. Rf3 Rxe5 36. dxe5 Bg4 37. Ke2 Kg7 38. Ke3 Bxf3 39.
Kxf3 Kf7 40. Kf4 Ke6 41. a4 a5 42. Ke4 h5 0-1

[Event "Politiken Cup 2011"]
[Site "Helsingor"]
[Date "2011.08.01"]
[Round "4.110"]
[White "Olofsson-Dolk, Mattis"]
[Black "Aartun, Eivind"]
[Result "1-0"]
[WhiteElo "1951"]
[BlackElo "1747"]
[PlyCount "97"]
[EventDate "2011.??.??"]
[WhiteTeam "Växsjo"]
[BlackTeam "Stavanger"]

1. e4 c5 2. Nf3 d6 3. d4 cxd4 4. Nxd4 Nf6 5. Nc3 g6 6. Be3 Bg7 7. f3 O-O 8. Qd2
Nc6 9. Bc4 Bd7 10. O-O-O Rc8 11. Bb3 Na5 12. g4 Nxb3+ 13. axb3 Qa5 14. Kb1 e5
15. Nde2 Rc6 16. Nd5 Qxd2 17. Ne7+ Kh8 18. Rxd2 Ra6 19. Nc3 Re8 20. Ned5 Nxd5
21. Nxd5 Rc8 22. Nb4 Ra5 23. Rxd6 Be6 24. Rhd1 Bf6 25. Nd5 Kg7 26. b4 Rb5 27.
g5 Bd8 28. Nc3 Rxb4 29. Rxd8 Rxc3 30. Bd2 Rcc4 31. Bxb4 Rxb4 32. Ra8 a6 33.
Rdd8 f5 34. Re8 Kf7 35. c3 Rc4 36. Reb8 Rc7 37. Rg8 fxe4 38. fxe4 Rc4 39. Rgb8
Rc7 40. Kc2 Bd7 41. Rf8+ Kg7 42. Rg8+ Kf7 43. Raf8+ Ke7 44. Rf6 Rc4 45. Rg7+
Ke8 46. Rxh7 Bc6 47. Kd3 Bb5 48. Ke3 Bc6 49. Re6+ 1-0